| 000 | 00684nam a2200217 4500 | ||
|---|---|---|---|
| 003 | OSt | ||
| 005 | 20160307150626.0 | ||
| 008 | 160307b xxu||||| |||| 00| 0 eng d | ||
| 020 | _a9780757403800 | ||
| 040 | _c040a | ||
| 082 |
_a363.73 _bALL 2011 |
||
| 100 |
_aAlloway, B.J _97129 |
||
| 245 |
_aChemical principles of environmental pollution : _binternational series of aquatic environmental chemistry / _cB. J Alloway, A. G Howard, D. C Ayres |
||
| 260 |
_aOxford _bOxford University press _c2011 |
||
| 300 |
_avi, 90p; _bill : _c14 cm |
||
| 504 | _aIncludes index | ||
| 650 |
_aPollution _97130 |
||
| 700 |
_aHoward, A.G _97131 |
||
| 700 |
_aAyres, D. C _97132 |
||
| 942 |
_2ddc _cSLOAN |
||
| 999 |
_c3186 _d3186 |
||